| 000 | 00833nam a2200265 4500 | ||
|---|---|---|---|
| 003 | OSt | ||
| 005 | 20260601193852.0 | ||
| 008 | 260505b1994 sp |||| |||| 00| 0 spa d | ||
| 020 | _a9688872571 | ||
| 040 |
_aICI _bspa _cICI |
||
| 041 | _aspa | ||
| 050 |
_aTH2201 _bL5718 |
||
| 100 |
_aLittlewood, Michael, _eautor _932516 |
||
| 240 | 1 |
_a Landscape detailing. _lEspañol |
|
| 245 | 1 |
_aMuros y cerramientos : _bdetalles / _cMichael Littlewood ; vers. castellana de Santi Castan |
|
| 264 |
_aMéxico : _bGustavo Gili, _cc1994 |
||
| 300 |
_a201 páginas : _bilustraciones |
||
| 336 |
_atexto _2rdacontent |
||
| 337 |
_asin medio _2rdamedia |
||
| 338 |
_avolumen _2rdacarrier |
||
| 490 |
_aDiseño urbano ; _v1 |
||
| 650 |
_aMuros _xDiseño y construcción _932517 |
||
| 700 |
_aCastan, Santi, _etraductor _932518 |
||
| 942 |
_2lcc _cB _n1 |
||
| 999 |
_c21906 _d21906 |
||